LEADER 01345nam a2200325 u 4500 001 000000062541 003 CaOOAMICUS 005 20070226121139.0 008 011002s1970 it u000 u ita u 035 $a10904973 040 $aPUL(R)$bita 041 1 $aita$hhol 100 1 $aVerhoeven, Cornelius Wilhelmus Maria.$0(OLS)http://pul/name/42601 240 10$aRondom de leegte.$lItaliano.$0(OLS)http://pul/title/83438 245 10$aDove va Dio? :$bl'esperienza del vuoto ai confini della speranza /$cCorn. Verhoeven. 260 $aRoma :$bHerder ;$aBrescia :$bMorcelliana,$c1970. 300 $a157 p. ;$c21 cm 490 1 $aNuovi orizzonti 504 $aBibliografia in nota. 650 4$aTeologia pastorale.$0(OLS)http://pul/subject/1301 650 4$aSperanza.$0(OLS)http://pul/subject/669 830 0$aNuovi orizzonti.$0(OLS)http://pul/title/41135 850 $aPUL 852 $aPUL$W1$xSL Religione 1$y3$m67 A 53$j81299$nBK-PRI$qStampati$B81299$CPULBib$Z2$F81299 $H69700 $82 941 1 $a8 960 $aPastorale$91301 961 $aINV: 69700 996 $6245$aDove va Dio? :$bl'esperienza del vuoto ai confini della speranza$9(OLS)http://pul/title/83439 996 $6260$aRoma :$bHerder$9(OLS)http://pul/publisher/47913 996 $6260$aBrescia :$bMorcelliana$9(OLS)http://pul/publisher/47854 LEADER 01111nam a2200253 u 4500 001 000000046599 003 CaOOAMICUS 005 20070226114806.0 008 990715s1981 it u000 u ita u 035 $a10829793 040 $aPUL(R)$bita 100 1 $aConcetti, Gino,$cO.F.M.$0(OLS)http://pul/name/8981 245 13$aIl diritto alla vita :$balternative all'aborto /$cGino Concetti ; con i testi del magistero ecclesiastico coordinati per temi ed i contributi originali di Bonifacio Honings ... [et al.]. 260 $aRoma :$bLogos,$cc1983. 300 $a201 p. ;$c23 cm 650 4$aAborto.$0(OLS)http://pul/subject/6488 650 4$aDiritto alla vita.$0(OLS)http://pul/subject/3390 700 1 $aHonings, Bonifacio.$0(OLS)http://pul/name/22932 850 $aPUL 852 $aPUL$W1$xSL Religione 1$y3$m39 B 67$j62426$nBK-PRI$b $qStampati$B62426$CPULBib$Z2$F62426 $H $81 941 1 $a8 961 $aINV: 53699 996 $6245$aIl diritto alla vita :$balternative all'aborto$9(OLS)http://pul/title/62739 996 $6260$aRoma :$bLogos$9(OLS)http://pul/publisher/52093